Statistiken für Alle Flaggen und Hauptstädte der Welt

Klicken Sie hier um das Quiz zu spielen!

Allgemein

  • Dieses Quiz wurde 145 mal gespielt
  • Das Durchschnittsergebnis liegt bei 38 aus 196

Antwortstatistiken

Antwort% Korrekt
Deutschland, Berlin
98%
Belgien, Brüssel
84%
Frankreich, Paris
58%
Italien, Rom
58%
Russland, Moskau
56%
Kanada, Ottawa
55%
Niederlande, Amsterdam
54%
Brasilien, Brasilia
53%
Japan Tokio
53%
Irland, Dublin
51%
Vereinigtes Königreich, London
49%
Ungarn, Budapest
48%
Bulgarien, Sofia
46%
Südkorea, Seoul
46%
Schweden, Stockholm
45%
Finnland, Helsinki
43%
Norwegen, Oslo
41%
Dänemark, Kopenhagen
40%
Vereinigte Staaten, Washington DC
39%
Island, Reykjavík
38%
China, Peking
36%
Schweiz, Bern
36%
Albanien, Tirana
35%
Australien, Canberra
34%
Georgien, Tiflis
34%
Israel, Jerusalem
33%
Madagaskar, Antananarivo
33%
Malta, Valletta
33%
Polen, Warschau
33%
Türkei, Ankara
33%
Kosovo, Pristina
31%
Spanien, Madrid
31%
Neuseeland, Wellington
30%
Österreich, Wien
30%
Zypern, Nikosia
30%
Bangladesch, Dhaka
29%
Griechenland, Athen
29%
Algerien, Algier
28%
Elfenbeinküste, Yamoussoukro
28%
Libanon, Beirut
28%
Mexiko, Mexiko Stadt
28%
Nepal, Kathmandu
28%
Tunesien, Tunis
28%
Vietnam, Hanoi
28%
Ägypten, Kairo
26%
Argentinien, Buenos Aires
25%
Dominikanische Republik, Santo Domingo
25%
Monaco, Monaco
25%
San Marino, San Marino
25%
Vatikanstadt, Vatikanstadt
25%
Kroatien, Zagreb
24%
Indonesien, Jakarta
23%
Jamaika, Kingston
23%
Palau, Ngerulmud
23%
Saudi-Arabien, Riad
23%
Tschechien, Prag
23%
Aserbaidschan, Baku
21%
Iran, Teheran
21%
Luxemburg, Luxemburg
21%
Malaysia, Kuala Lumpur
21%
Nordmazedonien, Skopje
21%
Peru, Lima
21%
Portugal, Lissabon
21%
Serbien, Belgrad
21%
Singapur, Singapur
21%
Kenia, Nairobi
20%
Liechtenstein, Vaduz
20%
Pakistan, Islamabad
20%
Syrien, Damaskus
20%
Thailand, Bangkok
20%
Irak, Bagdad
19%
Libyen, Tripolis
19%
Philippinen, Manila
19%
Slowakei, Bratislava
19%
Ukraine, Kiew
19%
Belarus, Minsk
18%
Chile, Santiago
18%
Demokratische Republik Kongo, Kinshasa
18%
Estland, Tallinn
18%
Gabun, Libreville
18%
Lettland, Riga
18%
Slowenien, Ljubljana
18%
Tonga, Nuku'alofa
18%
Uruguay, Montevideo
18%
Bosnien und Herzegowina, Sarajevo
16%
Kamerun, Jaunde
16%
Malediven, Malé
16%
Marokko, Rabat
16%
Niger, Niamey
16%
Nordkorea, Pjöngjang
16%
Papua-Neuguinea, Port Moresby
16%
Rumänien, Bukarest
16%
Usbekistan, Taschkent
16%
Venezuela, Caracas
16%
Bahamas, Nassau
15%
Burkina Faso, Ouagadougou
15%
Haiti, Port au Prince
15%
Indien, Neu Dehli
15%
Kasachstan, Astana
15%
Montenegro, Podgorica
15%
Oman, Maskat
15%
Paraguay, Asunción
15%
Taiwan, Taipeh
15%
Vereinigte Arabische Emirate, Abu Dhabi
15%
Andorra, Andorra La Vella
14%
Barbados, Bridgetown
14%
Bhutan, Thimphu
14%
Kolumbien, Bogotá
14%
Kuwait, Kuwait Stadt
14%
Litauen, Vilnius
14%
Trinidad und Tobago, Port of Spain
14%
Afghanistan, Kabul
13%
Costa Rica, San José
13%
El Salvador
13%
Jemen, Sanaa
13%
Jordanien, Amman
13%
Komoren, Moroni
13%
Kuba, Havana
13%
Seychellen, Victoria
13%
Somalia, Mogadischu
13%
Äthiopien, Addis Abeba
11%
Belize, Belmopan
11%
Dschibuti, Dschibuti
11%
Ecuador, Quito
11%
Ghana, Accra
11%
Guatemala, Guatemala Stadt
11%
Kap Verde, Praia
11%
Katar, Doha
11%
Liberia, Monrovia
11%
Malawi, Lilongwe
11%
Moldawien, Chișinău
11%
Mosambik, Maputo
11%
Osttimor, Dili
11%
Sudan,Khartum
11%
Uganda, Kampala
11%
Angola, Luanda
10%
Eritrea, Asmara
10%
Guinea-Bissau, Bissau
10%
Guyana, Georgetown
10%
Honduras, Tegucigalpa
10%
Myanmar, Naypyidaw
10%
Namibia, Windhuk
10%
Nicaragua, Managua
10%
Nigeria, Abuja
10%
São Tomé und Príncipe, São Tomé
10%
Senegal, Dakar
10%
Simbabwe, Harare
10%
St. Kitts und Nevis, Basseterre
10%
Südsudan, Juba
10%
Tadschikistan, Duschanbe
10%
Tansania, Dodoma
10%
Togo, Lomé
10%
Turkmenistan, Asgabat
10%
Vanuatu, Port Vila
10%
Armenien, Jerewan
9%
Brunei, Bandar Seri Begawan
9%
Burundi, Gitega
9%
Kambodscha, Phnom Penh
9%
Marshallinseln, Majuro
9%
Mauritius, Port Louis
9%
Nauru, Yaren
9%
Republik Kongo, Brazzaville
9%
Ruanda, Kigali
9%
Samoa, Apia
9%
Äquatorial-Guinea, Malabo
8%
Benin, Porto Novo
8%
Botswana, Gaborone
8%
Guinea, Conakry
8%
Kirgisistan, Bischkek
8%
Laos, Vientiane
8%
Lesotho, Maseru
8%
Mali, Bamako
8%
Panama, Panama City
8%
Sambia, Lusaka
8%
Sierra Leone, Freetown
8%
St. Lucia, Castries
8%
Suriname, Paramaribo
8%
Tschad, N'Djamena
8%
Zentralafrikanische Republik, Bangui
8%
Dominica, Roseau
6%
Mongolei, Ulaanbaatar
6%
Salomonen, Honiara
6%
Tuvalu, Funafuti
6%
Gambia, Banjul
5%
St. Vincent und die Grenadinen, Kingstown
5%
Föderierte Staaten von Mikronesien, Palikir
4%
Mauretanien, Nuakschott
4%
Bahrain, Manamah
3%
Grenada, Sankt George's
3%
Kiribati, Tarawa
3%
Südafrika, Kapstadt, Pretoria, Bloemfontein
3%
Bolivien, La Paz, Sucre
1%
Eswatini, Mbabane, Lobamba
1%
Antigua und Barbuda, Saint John´s
0%
Fidschi, Doha
0%
Sri Lanka, Colombo, Sri Jayewardenepura
0%

Verteilung der Resultate

Perzentil nach korrekt beantworteten Fragen

Anzahl Personen mit jedem Resultat

Ihre Resultats-Entwicklung

Sie haben dieses Quiz noch nicht gespielt